| 000 | 00980cab a2200217 4500 | ||
|---|---|---|---|
| 001 | ABS41098 | ||
| 008 | 090401t1989 xxu||||| |||| 00| 0 eng d | ||
| 035 | _a(Sirsi) u28214 | ||
| 041 | _aeng | ||
| 100 | _aEssex, S.J. | ||
| 245 | _aTourism in the Anglo-French frontier zone | ||
| 260 | _c1989 | ||
| 350 | _a0 | ||
| 490 |
_aGeography _v74(324) June 1989, 222-232(10) |
||
| 520 | _aThis study examines the tourist industry in a region bisected by an international border, the Anglo French Frontier Zone. The dual region has similar characteristics in terms of tourism , infrastructure, attitudes to tourism, marketing problems and associated solutions on each side of the Channel. Opportunities in the zone will be enhanced with the creation of a single market in 1992 and completion of the Channel Tunnel in 1993. (Journal abstract) References. Maps. | ||
| 650 | _aFRANCE | ||
| 690 | _aECONOMIC AND SOCIAL | ||
| 700 | _aGibb, R.A. | ||
| 942 | _n0 | ||
| 948 | _c04/03/1997 | ||
| 999 |
_c19022 _d19022 |
||